<?xml version="1.0" encoding="UTF-8"?>
<record
    xmlns:xsi="http://www.w3.org/2001/XMLSchema-instance"
    xsi:schemaLocation="http://www.loc.gov/MARC21/slim http://www.loc.gov/standards/marcxml/schema/MARC21slim.xsd"
    xmlns="http://www.loc.gov/MARC21/slim">

  <leader>01506cam a2200289 a 4500</leader>
  <datafield tag="999" ind1=" " ind2=" ">
    <subfield code="c">5604</subfield>
    <subfield code="d">5604</subfield>
  </datafield>
  <controlfield tag="001">38132727</controlfield>
  <controlfield tag="003">OCoLC</controlfield>
  <controlfield tag="005">20190108105808.0</controlfield>
  <controlfield tag="008">971217s1998    tnu           000 0 eng  </controlfield>
  <datafield tag="010" ind1=" " ind2=" ">
    <subfield code="a">   97052654</subfield>
  </datafield>
  <datafield tag="015" ind1=" " ind2=" ">
    <subfield code="a">GB99-44652</subfield>
  </datafield>
  <datafield tag="020" ind1=" " ind2=" ">
    <subfield code="a">0849912911</subfield>
  </datafield>
  <datafield tag="020" ind1=" " ind2=" ">
    <subfield code="a">9780849912917</subfield>
  </datafield>
  <datafield tag="035" ind1=" " ind2=" ">
    <subfield code="a">(OCoLC)38132727</subfield>
    <subfield code="z">(OCoLC)61390494</subfield>
  </datafield>
  <datafield tag="040" ind1=" " ind2=" ">
    <subfield code="a">DLC</subfield>
    <subfield code="b">eng</subfield>
    <subfield code="c">DLC</subfield>
    <subfield code="d">UKM</subfield>
    <subfield code="d">BAKER</subfield>
    <subfield code="d">BTCTA</subfield>
    <subfield code="d">YDXCP</subfield>
    <subfield code="d">NOW</subfield>
    <subfield code="d">CFT</subfield>
    <subfield code="d">OCLCO</subfield>
  </datafield>
  <datafield tag="050" ind1="0" ind2="0">
    <subfield code="a">BV4740</subfield>
    <subfield code="b">.G85 1998</subfield>
  </datafield>
  <datafield tag="082" ind1="0" ind2="0">
    <subfield code="a">248.4</subfield>
    <subfield code="2">21</subfield>
    <subfield code="b">G964C</subfield>
  </datafield>
  <datafield tag="092" ind1="0" ind2=" ">
    <subfield code="a">248.4</subfield>
    <subfield code="b">G9647</subfield>
  </datafield>
  <datafield tag="100" ind1="1" ind2=" ">
    <subfield code="a">Guinness, Os.</subfield>
  </datafield>
  <datafield tag="245" ind1="1" ind2="4">
    <subfield code="a">The call :</subfield>
    <subfield code="b">finding and fulfilling the central purpose of your life /</subfield>
    <subfield code="c">Os Guinness.</subfield>
  </datafield>
  <datafield tag="260" ind1=" " ind2=" ">
    <subfield code="a">Nashville, Tenn. :</subfield>
    <subfield code="b">Word,</subfield>
    <subfield code="c">c1998.</subfield>
  </datafield>
  <datafield tag="300" ind1=" " ind2=" ">
    <subfield code="a">249 p. ;</subfield>
    <subfield code="c">24 cm.</subfield>
  </datafield>
  <datafield tag="505" ind1="0" ind2=" ">
    <subfield code="a">The ultimate why -- Seekers sought -- The haunting question -- Everyone, everywhere, everything -- By him, to him, for him -- Do what you are -- A time to stand -- Let God be God -- The audience of one -- Our utmost for his highest still -- Where the buck stops, there stand I -- People of the call -- Followers of the way -- There but for the grace of God goes God -- What is that to you? -- More, more, faster, faster -- Combating the noonday demon -- A world of windows -- Locked out and staying there -- A focused life -- Dreamers of the day -- Patches of Godlight -- Let all your thinks be thanks -- Everybody's fools -- The hour has come -- Last call.</subfield>
  </datafield>
  <datafield tag="650" ind1=" " ind2="0">
    <subfield code="a">Vocation</subfield>
    <subfield code="x">Christianity</subfield>
    <subfield code="x">Meditations.</subfield>
  </datafield>
  <datafield tag="650" ind1=" " ind2="0">
    <subfield code="a">Devotional calendars.</subfield>
  </datafield>
  <datafield tag="942" ind1=" " ind2=" ">
    <subfield code="2">ddc</subfield>
    <subfield code="c">BK</subfield>
  </datafield>
  <datafield tag="952" ind1=" " ind2=" ">
    <subfield code="0">0</subfield>
    <subfield code="1">0</subfield>
    <subfield code="2">ddc</subfield>
    <subfield code="4">0</subfield>
    <subfield code="7">0</subfield>
    <subfield code="8">NFIC</subfield>
    <subfield code="a">HMC</subfield>
    <subfield code="b">HMC</subfield>
    <subfield code="c">GEN</subfield>
    <subfield code="d">2019-01-08</subfield>
    <subfield code="g">850.00</subfield>
    <subfield code="l">0</subfield>
    <subfield code="o">248.4 G964C</subfield>
    <subfield code="p">006409</subfield>
    <subfield code="r">2019-01-08 00:00:00</subfield>
    <subfield code="w">2019-01-08</subfield>
    <subfield code="y">BK</subfield>
  </datafield>
  <datafield tag="952" ind1=" " ind2=" ">
    <subfield code="0">0</subfield>
    <subfield code="1">0</subfield>
    <subfield code="2">ddc</subfield>
    <subfield code="4">0</subfield>
    <subfield code="7">0</subfield>
    <subfield code="8">NFIC</subfield>
    <subfield code="a">HMC</subfield>
    <subfield code="b">HMC</subfield>
    <subfield code="c">GEN</subfield>
    <subfield code="d">2021-01-29</subfield>
    <subfield code="l">0</subfield>
    <subfield code="o">248.4 G964C</subfield>
    <subfield code="p">010907</subfield>
    <subfield code="r">2021-01-29 00:00:00</subfield>
    <subfield code="t">2</subfield>
    <subfield code="w">2021-01-29</subfield>
    <subfield code="y">BK</subfield>
  </datafield>
</record>
